Sports Quiz

Random Sports Quiz
Score 0/28 Timer 20:00
0 Plays Today
% Correct
Hugo Lloris
97.5%
Emmanuel Adebayor
96.6%
Christian Eriksen
95.8%
Brad Friedel
94.9%
Roberto Soldado
93.2%
Harry Kane
92.4%
Jan Vertonghen
92.4%
Kyle Walker
92.4%
Nacer Chadli
91.5%
Paulinho
90.7%
Andros Townsend
90.7%
Erik Lamela
89.8%
Moussa Dembele
89.8%
Michel Vorm
89.8%
% Correct
Ryan Mason
89%
Danny Rose
86.4%
Eric Dier
85.6%
Ben Davies
80.5%
Federico Fazio
78%
Nabil Bentaleb
77.1%
Younes Kaboul
75.4%
De-Andre Yedlin
72.9%
Vlad Chiriches
72.9%
Benjamin Stambouli
68.6%
Kyle Naughton
66.9%
Aaron Lennon
59.3%
Etienne Capoue
49.2%
Zeki Fryers
39.8%
Remove Ads.
Support Sporcle.
Get the best of Sporcle when you Go Orange. This ad-free experience offers more features, more stats, and more fun while also helping to support Sporcle. Thank you for becoming a member.

You're not logged in!

Compare scores with friends on all Sporcle quizzes.
OR
Log In

Show Comments

Extras

Created Jan 9, 2015ReportNominate
Tags:2014, Player, Slideshow

Top Quizzes Today


Score Distribution

Your Account Isn't Verified!

In order to create a playlist on Sporcle, you need to verify the email address you used during registration. Go to your Sporcle Settings to finish the process.

Report this User

Report this user for behavior that violates our Community Guidelines.

Details: